00676nam a2200241 a 4500001001300000003000900013005001700022008004100039020001000080082001600090100002200106245003300128260003900161300000900200500003500209505002000244650002100264700002200285902000800307942000700315952009700322999001500419nice12345678IN_TiNIC20260116013019.0050524s1982 boma grp 000 0 eng  ac10000a922.97bTYA aTyabji, Hussain B aBadruddin Tyabjib Biography aBombaybThacker and Co., Ltdc1982 a410p aincludes index and biblioraphy2 aAppendix, Index aBadruddin Tyabji1 aTyabji, Hussain B bSRS cBK 00104070aHMIbHMId2007-06-06g100.00l0o922.97 TYAp013183r2007-06-06w2026-01-16yEB c9278d9278